Jesse Ventura's career opponents - Statistics

General Stats
  • This quiz has been taken 100 times
    2 since last reset
  • The average score is 5 of 58
Answer Stats
Answer % Correct
Hulk Hogan
100%
Andre the Giant
50%
Barry O
50%
Bob Backlund
50%
Jerry "The King" Lawler
50%
Jimmy Valiant
50%
Junkyard Dog
50%
Lanny Poffo
50%
Terry Funk
50%
Akio Sato
0%
Antonio Inoki
0%
Baron Von Raschke
0%
B. Brian Blair
0%
Billy Joe Travis
0%
Billy Robinson
0%
Brad Rheingans
0%
Buddy Rose
0%
Butch Reed
0%
Chief Jay Strongbow
0%
Curt Hennig
0%
Danny Spivey
0%
David Sammartino
0%
Dino Bravo
0%
Dominic DeNucci
0%
Eduardo Carpentier
0%
George Wells
0%
Greg Gagne
0%
Hillbilly Jim
0%
Ivan Putski
0%
Jim Brunzell
0%
Jose Luis Rivera
0%
Kengo Kimura
0%
Les Thornton
0%
Maurice "Mad Dog" Vachon
0%
Mike Rotundo
0%
Pat O'Connor
0%
Pat Patterson
0%
Paul Ellering
0%
Pedro Morales
0%
Ray Stevens
0%
Rick Martel
0%
Rocky Johnson
0%
Salvatore Bellomo
0%
S.D. Jones
0%
Sgt. Slaughter
0%
Steve Lombardi
0%
"Superfly" Jimmy Snuka
0%
Swede Hanson
0%
Tatsumi Fujinami
0%
Terry Gibbs
0%
The Crusher
0%
Tito Santana
0%
Tony Atlas
0%
Tony Garea
0%
Uncle Elmer
0%
Verne Gagne
0%
Wahoo McDaniel
0%
Wayne Ferris
0%
No matching quizzes found
Score Distribution
Percent of People with Each Score
Percentile by Number Answered
Your Score History
You have not taken this quiz since the last reset